Cyclisme : Top 20 des Championnats du monde 2024 - Statistiques

Statistiques générales
  • Ce quiz a été pris 133 fois
  • Le résultat moyen est 10 sur 20
Statistiques - réponses
Position Pays Représenté Coureur % Correct
1er Slovénie Tadej Pogacar
100%
3eme Pays-Bas Matthieu Van Der Poel
94%
5eme Belgique Remco Evenepoel
87%
2eme Australie Ben O'Connor
84%
7eme Irlande Ben Healy
79%
6eme Suisse Marc Hirschi
78%
8eme Espagne Enric Mas
68%
10eme France Romain Bardet
66%
4eme Lettonie Tom Skujins
63%
13eme Danemark Mads Pedersen
50%
17eme USA Brandon McNulty
39%
20eme Republique Tcheque Mathias Vacek
39%
9eme USA Quinn Simmons
38%
12eme Pays-Bas Bauke Mollema
19%
18eme Australie Jai Hindley
17%
11eme Espagne Roger Adria
13%
15eme Allemagne Georg Zimmermann
6%
16eme Royaume-Uni Oscar Onley
5%
19eme USA Kevin Vermaerke
4%
14eme Norvège Markus Hoelgaard
3%
Aucun quiz correspondant
Distribution des résultats
% des personnes avec chaque résultat
Percentile par nombre de réponses
Votre historique - résultats
Vous n’avez pas pris ce quiz